La doctrinal del Limarí siglo XVIII San Antonio del Mar de Barraza: estudio histórico-social

Bewaard in:
Bibliografische gegevens
Hoofdauteurs: Campos Núñez, Dagoberto (Auteur), Botarro Castro, Iris (Auteur), Mery Flores, Anibal (Auteur), Cortés Olivares, Hernán (Auteur)
Formaat: Boek
Taal:Spaans
Gepubliceerd in: La Serena, Chile Universidad de Chile 1976
Onderwerpen:
Tags: Voeg label toe
Geen labels, Wees de eerste die dit record labelt!

MARC

LEADER 00000nam a2200000 a 4500
001 UCO2569
003 CL-VaPUC
005 20210804001428.0
008 000608e19760000CL |||||||||||||||||spa|d
999 |c 289074  |d 289072 
040 |c Pontificia Universidad Católica de Valparaíso 
082 0 4 |a 983.235 CAM 1976  |2 21 
100 0 |a Campos Núñez, Dagoberto  |e author  |9 445925 
245 1 3 |a La doctrinal del Limarí siglo XVIII San Antonio del Mar de Barraza:  |b  estudio histórico-social 
260 |a La Serena, Chile  |b Universidad de Chile  |c 1976 
300 |a 242 páginas 
583 |a last modification  |c 20000608 00:00:00  |k Rodrigo Vera 
650 0 |a Ciudades  |z LIMARI  |z CHILE  |9 265474 
650 0 |a Historia  |z LIMARI  |z CHILE  |9 255047 
650 7 |a DEMOGRAFIA HISTORICA  |2 CL-VaPUC  |9 322344  |z LIMARI  |z CHILE 
700 0 |a Botarro Castro, Iris  |e author  |9 445926 
700 0 |a Mery Flores, Anibal  |e author  |9 445927 
700 |a Cortés Olivares, Hernán  |e author  |9 314097 
852 |a BIBCUR 
942 |c BK  |2 ddc 
945 |d 20000608 00:00:00  |a crobeson 
952 |0 0  |1 0  |2 ddc  |4 0  |6 983_235000000000000_CAM_1976  |7 0  |8 A  |9 337214  |a BIBHIS  |b BIBHIS  |d 2019-11-20  |i 1292765  |o 983.235 CAM 1976  |p 1292765  |r 2025-01-20  |t 1  |w 2019-11-20  |y BK  |k HIS